000 00932nam a2200277Ia 4500
005 20220317001006.0
008 160825s1995 sp a g 000 0 spa
020 _a8480191457
082 0 4 _a796.0846
_bS13m
100 1 _aSchmidt, Mia
245 1 0 _aY me siento tan joven así
_b15 años de gimnasia con gente mayor (experiencias - métodos)
_cMia Schmidt ; tradución
_bSusanne Van der Walle
250 _a1a. edición
300 _a128 páginas
_bilustraciones
_c21 cm
490 _aCuerpo sano
504 _aIncluye bibliografía
650 1 4 _2LEMB
_aDeportes para adultos
650 1 4 _2LEMB
_aAsistencia a la vejez
650 1 4 _2LEMB
_aGimnasia
700 1 _aVan der Walle, Susanne
_964097
942 _2ddc
_cBK
264 _aBarcelona
_bPaidotribo
_c1995
336 _atexto
_btxt
_2rdacontent
337 _asin mediación
_bn
_2rdamedia
338 _avolumen
_bnc
_2rdacarrier
040 _aCO-BoRNBP
_bspa
_erda
_cCO-BoRNBP
999 _c5612
_d5612